| 000 | 00693nam a2200205 4500 | ||
|---|---|---|---|
| 001 | 112636 | ||
| 003 | ES-MaACL | ||
| 005 | 20250623171813.0 | ||
| 007 | t| | ||
| 008 | 061121s1980 sp r ||||1| spa d | ||
| 100 | 1 |
_aNieto Alcaide, Víctor. _985671 |
|
| 245 | 1 | 3 |
_aEl Renacimiento _b: formación y crisis del modelo clásico / _cVíctor Nieto Alcaide, Fernando Checa Cremades. |
| 260 |
_aMadrid : _bIstmo, _c1980. |
||
| 300 |
_a398 p. : _bil. ; _c18 cm. |
||
| 490 | 1 | _aEl arte y los sistemas visuales | |
| 700 | 0 |
_aCheca Cremades, Fernando, _d1952- _938301 |
|
| 830 | 0 |
_aEl arte y los sistemas visuales _9182393 |
|
| 852 |
_aES-MaACL _jL-1744 _bR.102328 |
||
| 999 |
_c112636 _d112636 |
||